Guía para la clasificación de los datos culturales (Record no. 9630)

MARC details
000 -CABECERA
campo de control de longitud fija 00907nam a2200229 a 4500
001 - NÚMERO DE CONTROL
campo de control BRL_818
005 - FECHA Y HORA DE LA ÚLTIMA TRANSACCIÓN
campo de control 20190320210917.0
008 - DATOS DE LONGITUD FIJA--INFORMACIÓN GENERAL
campo de control de longitud fija 091013s1976----mx-#######---#000-0#spa-#
041 ## - CÓDIGO DE LENGUA
Código de lengua del texto/banda sonora o título independiente spa
044 ## - CÓDIGO DEL PAÍS DE LA ENTIDAD EDITORA/PRODUCTORA
Código MARC del país mx
050 #4 - SIGNATURA TOPOGRÁFICA DE LA BIBLIOTECA DEL CONGRESO
Número de clasificación GN34
Número de documento/Ítem .G85 1976
245 10 - MENCIÓN DE TÍTULO
Título Guía para la clasificación de los datos culturales
260 ## - PUBLICACIÓN, DISTRIBUCIÓN, ETC.
Lugar de publicación, distribución, etc. México
Nombre del editor, distribuidor, etc. UAM, Iztapalapa
Fecha de publicación, distribución, etc. 1976
300 ## - DESCRIPCIÓN FÍSICA
Extensión 248 p.
Dimensiones 23 cm.
440 #0 - MENCIÓN DE SERIE/PUNTO DE ACCESO ADICIONAL--TÍTULO
Título Biblioteca de ciencias sociales. coleccion de antropologia social
Nombre de parte o sección de la obra serie manuales
Designación de volumen o secuencia no. 1
9 (RLIN) 25033
500 ## - NOTA GENERAL
Nota general Au2092
500 ## - NOTA GENERAL
Nota general Traduccion de : outline of cultural materials
500 ## - NOTA GENERAL
Nota general Tercera edicion revisada y publicada en 1950 por el Human relations area files preparada en colaboracion entre el Instituto Indigenista Nacional de Guatemala y la Oficina de Ciencias Sociales de la Unión Panamericana,en 1954.
650 14 - PUNTO DE ACCESO ADICIONAL DE MATERIA--TÉRMINO DE MATERIA
Término de materia o nombre geográfico como elemento de entrada Antropología
Subdivisión general Metodología
9 (RLIN) 25034
902 ## - CATALOGADOR
Iniciales GRL
942 ## - ELEMENTOS DE PUNTO DE ACCESO ADICIONAL (KOHA)
Fuente del sistema de clasificación o colocación Library of Congress Classification
Tipo de ítem Koha Libros
Holdings
Estado de retiro Estado de pérdida Estado dañado No para préstamo Localización permanente Ubicación/localización actual Fecha de adquisición Número de inventario Total de préstamos Signatura topográfica completa Código de barras Fecha visto por última vez Precio válido a partir de Tipo de ítem Koha
El ejemplar forma parte de la colección y puede ser consultado según las políticas vigentes.       Biblioteca Centro de Estudios Ruth D. Lechuga Biblioteca Centro de Estudios Ruth D. Lechuga 09/10/2013 Au2092   GN34 .G85 1976 (Au2092) GRL00887 22/03/2019 22/03/2019 Libros